Practice manual for Clinical immunology microbiology and biochemistry / (Record no. 42318)

MARC details
000 -LEADER
fixed length control field 00535nam a22001697a 4500
010 ## - LCCN (DPL NO)
LC control number ENG-100767
020 ## - INTERNATIONAL STANDARD BOOK NUMBER
Terms of availability 95.00
International Standard Book Number 9789380008431
035 ## - SYSTEM CONTROL NUMBER
System control number EN-84300
037 ## - SOURCE OF ACQUISITION
Source of stock number/acquisition DBAD / PUB
082 ## - DEWEY DECIMAL CLASSIFICATION NUMBER
Classification number 616.079
100 ## - MAIN ENTRY--PERSONAL NAME
Personal name A. Cholarajan
245 ## - TITLE STATEMENT
Title Practice manual for Clinical immunology microbiology and biochemistry /
Statement of responsibility, etc by A. Cholarajan
260 ## - PUBLICATION, DISTRIBUTION, ETC. (IMPRINT)
Place of publication, distribution, etc Perambalur
Name of publisher, distributor, etc Mercury Publishers
Date of publication, distribution, etc 2008
270 ## - ADDRESS
Address Mercury Publishers
City Perambalur
Postal code 621212
300 ## - PHYSICAL DESCRIPTION
Extent 104 p.
Dimensions 24cm (Pbk)
942 ## - ADDED ENTRY ELEMENTS (KOHA)
Source of classification or shelving scheme Dewey Decimal Classification
Item type English Books
Call number suffix CHO
Classification part 616.079
Holdings
Withdrawn status Lost status Not for loan Collection code Home library Current library Date acquired Cost, normal purchase price Full call number Barcode Copy number Cost, replacement price Koha item type
    Not For Loan Non-fiction D.B.Act.Division Bawana 17/08/2010 95.00 616.079 CHO EN-84300 1 95.00 English Books

© Delhi Public Library
Hit Counter
free hit counter